| 000 -LEADER |
| fixed length control field |
01941cam a2200433 a 4500 |
| 001 - CONTROL NUMBER |
| control field |
12692693 |
| 003 - CONTROL NUMBER IDENTIFIER |
| control field |
NUST |
| 005 - DATE AND TIME OF LATEST TRANSACTION |
| control field |
20191010104647.0 |
| 008 - FIXED-LENGTH DATA ELEMENTS--GENERAL INFORMATION |
| fixed length control field |
011005m20012015ph a bc 001 0 eng |
| 010 ## - LIBRARY OF CONGRESS CONTROL NUMBER |
| LC control number |
2001360396 |
| Canceled/invalid LC control number |
2016329956 |
| 020 ## - INTERNATIONAL STANDARD BOOK NUMBER |
| International Standard Book Number |
9715061370 (v. 1) |
| 020 ## - INTERNATIONAL STANDARD BOOK NUMBER |
| Canceled/invalid ISBN |
9715063814 (v. 2, pt. 1) |
| 020 ## - INTERNATIONAL STANDARD BOOK NUMBER |
| International Standard Book Number |
9789715067317 (v. 2, pt. 2) |
| 020 ## - INTERNATIONAL STANDARD BOOK NUMBER |
| International Standard Book Number |
9789715067331 (v. 2, pt. 3) |
| 020 ## - INTERNATIONAL STANDARD BOOK NUMBER |
| International Standard Book Number |
9715063233 (v. 3, pt. 1) |
| 020 ## - INTERNATIONAL STANDARD BOOK NUMBER |
| International Standard Book Number |
9789715067324 (v. 4, pt. 1) |
| 035 ## - SYSTEM CONTROL NUMBER |
| System control number |
(DLC) 2001360396 |
| 037 ## - SOURCE OF ACQUISITION |
| Source of stock number/acquisition |
Library of Congress -- Jakarta Overseas Office |
| Terms of availability |
P1,300.00 |
| 038 ## - RECORD CONTENT LICENSOR |
| Staff Name |
waseem |
| 040 ## - CATALOGING SOURCE |
| Original cataloging agency |
DLC |
| Transcribing agency |
DLC |
| Modifying agency |
DLC |
| 042 ## - AUTHENTICATION CODE |
| Authentication code |
lcode |
| 043 ## - GEOGRAPHIC AREA CODE |
| Geographic area code |
a-ph--- |
| 050 00 - LIBRARY OF CONGRESS CALL NUMBER |
| Classification number |
Z1029 |
| Item number |
.C38 2001 |
| 082 00 - DEWEY DECIMAL CLASSIFICATION NUMBER |
| Classification number |
011.44 |
| Author Mark |
CAT |
| 245 00 - TITLE STATEMENT |
| Title |
Catalogue of rare books : |
| Remainder of title |
University of Santo Tomas Library / |
| Statement of responsibility, etc. |
editor, Angel Aparicio. |
| 246 13 - VARYING FORM OF TITLE |
| Title proper/short title |
Catalogue of rare periodicals |
| 260 ## - PUBLICATION, DISTRIBUTION, ETC. |
| Place of publication, distribution, etc. |
Manila, Philippines : |
| Name of publisher, distributor, etc. |
University of Sto. Tomas Library, |
| Date of publication, distribution, etc. |
2001-2015. |
| 300 ## - PHYSICAL DESCRIPTION |
| Extent |
4 v. in 6 : |
| Other physical details |
ill. ; |
| Dimensions |
26 cm. |
| 500 ## - GENERAL NOTE |
| General note |
Vol. 2 compiled by Estrella S. Majuelo. |
| 504 ## - BIBLIOGRAPHY, ETC. NOTE |
| Bibliography, etc. note |
Includes bibliographical references and indexes. |
| 505 0# - FORMATTED CONTENTS NOTE |
| Formatted contents note |
v. 1. 1492-1600 -- v. 2, pt. 1. 1600 to 1699. pt. 2. 1700 to 1799. pt. 3. 1800 to 1899 -- v. 3, pt. 1. Filipiniana, 1610-1945 -- v. 4, pt. 1. Up to 1945. |
| 610 20 - SUBJECT ADDED ENTRY--CORPORATE NAME |
| Corporate name or jurisdiction name as entry element |
University of Santo Tomas. |
| Subordinate unit |
Library |
| Form subdivision |
Catalogs. |
| 9 (RLIN) |
23457 |
| 650 #0 - SUBJECT ADDED ENTRY--TOPICAL TERM |
| Topical term or geographic name entry element |
Rare books |
| Geographic subdivision |
Philippines |
| -- |
Manila |
| Form subdivision |
Bibliography. |
| 9 (RLIN) |
23458 |
| 700 1# - ADDED ENTRY--PERSONAL NAME |
| Personal name |
Aparicio, Angel, |
| Dates associated with a name |
1948- |
| 9 (RLIN) |
23459 |
| 700 1# - ADDED ENTRY--PERSONAL NAME |
| Personal name |
Majuelo, Estrella S. |
| 9 (RLIN) |
23460 |
| 906 ## - LOCAL DATA ELEMENT F, LDF (RLIN) |
| a |
7 |
| b |
cbc |
| c |
origode |
| d |
2 |
| e |
ncip |
| f |
20 |
| g |
y-gencatlg |
| 942 ## - ADDED ENTRY ELEMENTS (KOHA) |
| Source of classification or shelving scheme |
|
| Koha item type |
Book |